000 00470nam a2200193 a 4500
001 1771568782487
003 YourLibrary
005 20260220115749.0
008 260220s2001##################000#0#eng##
020 _a9780748615414
082 0 4 _a330.122
_bHAR
100 1 _aHarvey, David,
_eauthor.
245 1 0 _aSpaces of Capital :
260 _c2001.
300 _a429 pages
650 0 _aCapitalism.
942 _cENGLISH
040 _aYourLibrary
_beng
_cYourLibrary
999 _c614070
_d614070